000 00265nam a22001217a 4500
008 170622b xxu||||| |||| 00| 0 eng d
041 _aeng
080 _a328
100 _a21
101 _aSHP
245 _aGOVERNMENT BY THE PEOPLE
_cOBRIEN.M
942 _2udc
_cBK
999 _c18704
_d18704